Об особом сборе с организаций, заготовляющих хлопок

Доступно только в Электронных читальных залах Найти на картеНа карте
RUSMARC
00003894nac2a22002653x 450
0013a3b3608-90f8-496f-9fd5-172b952b7fb7
00520230624114352.0
100##$a20230605l19291929k y0rusy50 ca
1010#$arus
$amul
102##$aRU
105##$ay z |||||
1222#$ad19291125
$ad19291229
2001#$aОб особом сборе с организаций, заготовляющих хлопок
$j25.11.1929 - 29.12.1929
215##$a24 листа
$d36,3 х 22
251##$cДело
300##$aЧасть текста на языках народов СССР
300##$aВ деле обратная нумерация
300##$aЧасть текста машинописная и рукописная, часть - напечатана типографским способом
324##$aВ деле имеются копии отдельных документов
461#0$1001796d4672-8a00-4986-b488-6e42273792cc
$12001
$aЦЕНТРАЛЬНЫЙ ИСПОЛНИТЕЛЬНЫЙ КОМИТЕТ СССР (ЦИК СССР).
$1251
$cФонд
$1852
$gР
$j3316
462#0$10016e6e8ba4-e15f-4ad4-8937-f1e88c150bfe
$12001
$aДела Секретариата Президиума ЦИК Союза ССР. 1929 г.
$vД. 427
$1251
$cОпись
$1852
$j22
60101$3RU\NLR\AUTH\880357276
$aСССР
$bЦИК
801#0$aRU
$bGA_RF
801#1$aRU
$bГлавНИВЦ
$c20230605
$2rusmarc
801#2$aRU
$bПБ им. Б.Н. Ельцина
$c20230624
$gRCR
$2rusmarc
852##$aГА РФ
$j427
937##$d185703525
$hГАРФ
035##$aRuPRLIB51071858
856##$uhttp://readingroom.main.prlib.ru/item.aspx?id_node=n185703525&mode=full
Формат отображения